LEADER 01003nam a2200241 i 4500 001 000000106603 003 CaOOAMICUS 005 20020913000000.0 008 020913s1901 it u000 u ita u 013 $a78797 040 $aSeMil$bita 100 1 $aRiva, Giuseppe$b.$0(OLS)http://semarc/name/89791 245 10$aManuale di Filotea /$cdel sacerdote milanese Giuseppe Riva. 250 $aNuovissima ed. riveduta col nuovo catechismo ed altre aggiunte. 260 $aMilano :$bDaverio,$c1901. 300 $aVIII, 1048 p. ;$c18 cm. 500 $aContiene : Appendice. - In custodia. 650 4$aCristianesimo - Libri di preghiere e devozione italiani.$0(OLS)http://semarc/subject/1222 850 $aSeMil 852 $aSeMil$W1$xVenegono$y1$m3F III 573$j62720$B62720$CSeMilBibl$Z2$F72135 $81 961 $aLascito: Morandi don Domenico 996 $6245$aManuale di Filotea$9(OLS)http://semarc/title/63029 996 $6260$aMilano :$bDaverio$9(OLS)http://semarc/publisher/30287